00353nam a22001097a 4500082001700000100005600017245005600073250002000129260005000149300000700199650003700206 a641.3461 COC aPanel Discussion on Coconut in the Sri Lankan Diet  aPanel Discussion on Coconut in the Sri Lankan Diet  aSeminar Reports aColombobInstitiute of Chemistry Ceylonc2006 a18 aCoconutat dietaseminar reports